000 00784cam a2200217 i 4500
005 20260115122053.0
008 250721s2002 jo gr 000 0 ara d
082 1 4 _a321.9565
_bظ ا ه
100 1 _aالظاهر، نعيم
_eمؤلف.
245 1 0 _aقضايا إجتماعية معاصرة /
_cد. نعيم الظاهر.
250 _aالطبعة العربية.
264 3 1 _aعمان :
_bدار اليازوري للنشر و التوزيع،
_c2002.
300 _a(174)صفحة.
650 1 7 _aالأنظمة السياسية.
650 1 7 _aتاريخ الأردن.
650 1 7 _aالحقوق السياسية.
650 1 7 _aالحقوق المدنية.
650 1 7 _aالمجالس البلدية.
942 _2ddc
_cBK
999 _c65862
_d65862